| 000 -LEADER |
| fixed length control field |
00300nam a2200109Ia 4500 |
| 008 - FIXED-LENGTH DATA ELEMENTS--GENERAL INFORMATION |
| fixed length control field |
200302s9999 xx 000 0 und d |
| 100 ## - MAIN ENTRY--PERSONAL NAME |
| Personal name |
B. N. Dutta |
| 245 ## - TITLE STATEMENT |
| Title |
Estimating and Costing In Civil Engineering 25 ed. |
| 260 ## - PUBLICATION, DISTRIBUTION, ETC. |
| Name of publisher, distributor, etc. |
UBS Publishers Distributors Pvt. Ltd. |
| 260 ## - PUBLICATION, DISTRIBUTION, ETC. |
| Date of publication, distribution, etc. |
2002 |
| 300 ## - PHYSICAL DESCRIPTION |
| Extent |
904 P., |